000 00961nam a2200265Ia 4500
003 OSt
005 20220923211429.0
006 a|||||r|||| 00| 0
007 ta
008 220922b |||||||| |||| 00| 0 hin d
020 _a9789326350266 (hbk)
_c300
024 _a276,576
037 _b251, 24/10/2013, Swaraj Prakashan
_cTextual
040 _aARTS
_cARTS
_bhin
041 _2hin
_ahin
082 _aO152,3N588,GK, Q2
100 _aमालवीय, प्रियदर्शन
245 0 _aघर का आखिरी कमरा
246 _aGhar kā ākhirī kamarā
260 _aनयी दिल्ली
_b भारतीय ज्ञानपीठ
_c2012
300 _a148पृ.
_ccm.
650 _aहिन्दी साहित्य
_9156264
942 _hO152,3N588,GK, Q2
_cTEXL
_2CC
999 _c299368
_d299368